| 000 | 00438nam a22001577a 4500 | ||
|---|---|---|---|
| 005 | 20241228124701.0 | ||
| 008 | 241221b ||||| |||| 00| 0 eng d | ||
| 040 | _cAL | ||
| 041 | _aEnglish | ||
| 082 |
_223 _a348.04 _bEASS |
||
| 100 |
_aEastern Book Company _9191942 |
||
| 245 | _aSupreme Court Cases 2006: Vol 2 | ||
| 260 |
_aLucknow _bEastern Book Company _c2006 |
||
| 650 |
_aMode of Citation (2006) 2 SCC _9191780 |
||
| 942 |
_2ddc _cBI |
||
| 999 |
_c233304 _d233304 |
||